Giáo trình Hán Nôm dành cho du lịch

Saved in:
Bibliographic Details
Main Author: Phạm, Văn Khoái
Format: Book
Language:Undetermined
Published: Hà Nội Đại học quốc gia Hà Nội 2004
Subjects:
Tags: Add Tag
No Tags, Be the first to tag this record!
Institutions: Trung tâm Học liệu Trường Đại học Cần Thơ
LEADER 00600nam a2200205Ia 4500
001 CTU_74344
008 210402s9999 xx 000 0 und d
020 |c 28200 
082 |a 495.1 
082 |b Kh404 
100 |a Phạm, Văn Khoái 
245 0 |a Giáo trình Hán Nôm dành cho du lịch 
245 0 |c Phạm Văn Khoái 
260 |a Hà Nội 
260 |b Đại học quốc gia Hà Nội 
260 |c 2004 
650 |a Chinese language 
650 |x Textbooks for foreign speakers 
904 |i Tuyến 
980 |a Trung tâm Học liệu Trường Đại học Cần Thơ